Normal view MARC view

Entry Corporate Name

Number of records used in: 1

001 - CONTROL NUMBER

  • control field: 9471

003 - CONTROL NUMBER IDENTIFIER

  • control field: DLC

005 - DATE AND TIME OF LATEST TRANSACTION

  • control field: 20230915112944.0

008 - FIXED-LENGTH DATA ELEMENTS

  • fixed length control field: 800810n| azannaabn |a ana

010 ## - LIBRARY OF CONGRESS CONTROL NUMBER

  • LC control number: n 80084500

035 ## - SYSTEM CONTROL NUMBER

  • System control number: (OCoLC)oca00465728

040 ## - CATALOGING SOURCE

  • Original cataloging agency: DLC
  • Language of cataloging: eng
  • Description conventions: rda
  • Transcribing agency: DLC
  • Modifying agency: DLC
  • Modifying agency: MoSpS-AV
  • Modifying agency: DNLM

110 2# - HEADING--CORPORATE NAME

  • Corporate name or jurisdiction name as entry element: American College of Sports Medicine

410 2# - SEE FROM TRACING--CORPORATE NAME

  • Corporate name or jurisdiction name as entry element: ACSM

410 2# - SEE FROM TRACING--CORPORATE NAME

  • Corporate name or jurisdiction name as entry element: A.C.S.M.

670 ## - SOURCE DATA FOUND

  • Source citation: Health and fitness in the modern world, 1961.

670 ## - SOURCE DATA FOUND

  • Source citation: Its Membership directory, 1985:
  • Information found: t.p. (American College of Sports Medicine) spine (ACSM)

670 ## - SOURCE DATA FOUND

  • Source citation: Conducting the YMCA fitness testing and assessment protocol [VR] c1999:
  • Information found: end credits (American College of Sports Medicine, Indianapolis, IN)

Powered by Koha